00823nam a2200241 a 450000100060000000300080000600500170001400800410003102000160007203500190008804000320010704100080013908200280014710000390017524500970021426000580031130000270036949000360039650000200043260000500045265000420050283000370054464758BD-RjUL20211209081340.0170220s1982 cau 001 0aeng  a0817976310  a(BD-RjUL)64888 aDLCcDLCdMYGdBD-RjULbeng aeng 223a973.90924bBAA 19821 aBailey, Thomas Andrew.d1902-1983.14aThe American pageant revisited :brecollections of a Stanford historian /cThomas A. Bailey. aStanford, Calif. :bHoover Institution Press,cc1982. aviii, 221 p. ;c24 cm.1 aHoover Press publication ;v263 aIncludes index.10aBailey, Thomas Andrew.d1902-1983.xBiography 0aHistorianszUnited StatesvBiography. 0aHoover Press publication ;v263.